000 00319nam a22001337a 4500
008 170628b xxu||||| |||| 00| 0 eng d
020 _a9781457665219
041 _aeng
080 _28 ED
_a82
100 _a22
101 _aGJL
245 _aTHE WRITERS PRESENCE A POOL OF READINGS
_cMCQUADE.D
942 _2udc
_cBK
999 _c19422
_d19422